Przetłumacz z polskiego na niemiecki sezon 2 część 3 - klikanie - Statystyki

Ogólne statystyki
  • Ten quiz został rozwiązany 10 razy
  • Średni wynik to 14 z 23
Statystyki odpowiedzi
Hint Odpowiedź % Poprawnych
Kosmetyczka die Kosmetiktasche
88%
Ładowarka das Ladegerät
75%
Długopis der Kuli
75%
Klucz der Schlüssel
75%
Korki
(buty do piłki nożnej)
die Fußballschuhe
75%
Pojemnik na kanapki die Lunchbox
75%
Okulary przecisłoneczne die Sonnenbrille
75%
W torbie szkolnej In der Schultasche
75%
Żel pod prysznic das Duschgel
63%
Książka do angielskiego das Englischbuch
63%
Telefon komórkowy das Handy
63%
Zeszyt das Heft
63%
Woda mineralna das Mineralwasser
63%
Kalkulator das Taschenrechner
63%
Koszulka sportowa das Trikot
63%
Ołówek der Bleistift
63%
Cyrkiel der Zirkel
63%
Dezodorant das Deo
50%
Ręcznik das Handtuch
50%
Smartfon das Smartphone
50%
Dres der Trainingsanzug
38%
Portmonetka die Geldbörse
38%
Chusteczka higieniczna das Taschentuch
13%
Nie znaleziono quizów pasujących do podanych kryteriów
Rozkład punktacji
Procent ludzi z każdym wynikiem
Percentyl według liczby udzielonych odpowiedzi
Twoja historia wyników
Nie rozwiązałeś tego quizu